| 000 | 00355nam a22001577a 4500 | ||
|---|---|---|---|
| 003 | SGT | ||
| 020 | _a978-81-312-3729-8 | ||
| 082 |
_a611 _bA16S |
||
| 100 | _aSINGH, VISHRAM | ||
| 245 | _aTB. OF ANATOMY : UPPER LIMB AND THORAX -VOL-1 | ||
| 250 | _a2ND | ||
| 260 |
_aINDIA _bELSEVIER _c2016 |
||
| 300 | _a330 | ||
| 650 | _aANATOMY | ||
| 942 |
_2ddc _cBK _092 |
||
| 999 |
_c13974 _d13974 |
||